000 03776nmm a22005177a 4500
999 _c5427
_d5427
003 OSt
005 20250611095616.0
008 191018e xxu|||||o||d| 00| 0 spa d
020 _a978-987-8343-84-6
040 _cPJ
245 1 0 _aPrueba digital 2 :
_b e-mails, chats de whatsapp u otras aplicaciones de mensajería instantánea, publicaciones en redes sociales, capturas de pantallas, filmaciones, grabaciones de audio, contratos electrónicos, e-commerce, reconocimiento biométrico facial, blockchain, home banking, expediente administrativo electrónico, pericia informática, ia y otras tecnologías /
_cHoracio R. Granero... [et al.].
260 _aCiudad Autónoma de Buenos Aires :
_bEldial.com ,
_c2025.
300 _a603 p.
500 _aE-book.
505 _aEn una sociedad digitalizada, donde los conflictos jurídicos se entrelazan con tecnologías emergentes, el debate sobre la admisibilidad, validez y eficacia de la prueba digital ya no es una cuestión futura: es el presente de la litigación. En línea con los desafíos planteados en la obra Prueba Digital 1, esta nueva entrega amplía la mirada sobre el impacto de la tecnología en el derecho procesal, abordando casos concretos en los fueros civil, comercial, laboral, administrativo y penal. En todos ellos, la irrupción de la prueba digital —mensajes de WhatsApp, correos electrónicos, publicaciones en redes sociales, capturas de pantalla, documentos electrónicos, registros multimedia y evidencia generada por inteligencia artificial— exige nuevas herramientas de análisis, criterios interpretativos y protocolos de actuación. ¿Cómo se acredita la autenticidad de un mensaje digital, como un correo electrónico, un mensaje de WhatsApp o una publicación en redes sociales? ¿Qué valor tienen las capturas o impresiones de pantalla? ¿Qué recaudos deben tomarse para que un contenido digital sea eficaz como medio probatorio? ¿Cuándo se configura una obtención ilícita? ¿Qué exigencias impone la cadena de custodia digital? ¿Puede el juez recurrir a inteligencia artificial sin comprometer garantías procesales? Estas y otras preguntas estructuran el recorrido de esta obra, que articula doctrina y jurisprudencia destacada, con una mirada práctica y plural. Asimismo, brinda herramientas útiles para litigar, juzgar o asesorar con solidez en un entorno cada vez más atravesado por lo digital. Validez en los procesos civiles, comerciales, laborales, administrativos y penales.
505 _tLa extracción de prueba electrónica de teléfonos celulares y la garantía de defensa en juicio /
_rCarla Paola Delle Donne.
650 0 _9267
_aDERECHO PROCESAL
650 0 _9273
_aDERECHO INFORMÁTICO
650 0 _91975
_aPRUEBA
650 0 _93404
_aMEDIOS DE PRUEBA ELECTRÓNICOS
650 0 _93406
_aEVIDENCIA DIGITAL
650 0 _94109
_aREDES SOCIALES
700 _aAcosta, Cecilia S.
700 _aBatista, Alejandro
700 _aBionda, Rodrigo E.
700 _aBosco, Santiago
700 _aBrun, Juan Martín
700 _aChaia, Rubén Alberto
700 _aCherubin, Gabriela
700 _aDocimo, Roberto Arturo
_96308
700 _aGranero, Horacio R.
_96135
700 _aGroppo, Patricio Gustavo
_95788
700 _aGuini, Leonor
700 _aLois, Sergio
700 _aMera, Mariano Martín
700 _aPerez del Viso, Adela
700 _aRiquert, Marcelo A.
_93063
700 _aRodríguez Romeo, Pablo
700 _aRoss, Zarina
700 _aSpessot, Alejandro
_95261
700 _aTomeo, Fernando
700 _aViadas, Mariano Pablo
700 _aYuba, Gabriela
_93825
856 _yAcceso al Índice
_uhttps://www.eldial.com/nuevo/pdf/indice/INDICE_Prueba_Digital_2.pdf
942 _2udc
_cARE